| 000 | 00505nam a2200145 a 4500 | ||
|---|---|---|---|
| 001 | 000031508 | ||
| 005 | 20200930062959.0 | ||
| 008 | 110627s1922 dr a 000 0 spa d | ||
| 040 |
_aDO-SdBNP _bspa _cBNPHU |
||
| 082 |
_axxxx _bO33c |
||
| 245 | 0 | 0 | _aOfrenda del "Centro de Profesores" de Puerto Plata a la venerada maestra Antera Mota de Reyes. |
| 260 |
_aSantiago de los Caballeros, República Dominicana : _bLinotipografía "La Información", _c1922. |
||
| 300 |
_a40 p. : _bil. ; _c22 cm. |
||
| 049 | _aBNMA | ||
| 999 |
_c31000 _d31000 |
||